Datum a čas kvízu
30.5
Celkem bodů
Celkový počet nahraných bodů na tomto kvízu bez doplňovacích otázek.
5.
Pořadí na kvízu
Konečné umístění týmu na tomto kvízu.
Zaznamenané odpovědi
| # | Otázka | Odpověď | Body | Výsledky |
|---|---|---|---|---|
| 1. | Doufáme, že jste ve čtvrtek ne... | Speed Marathon | 0 | |
| 2. | Minulý týden proběhla médii zp... | v Benátkách | 0 | |
| 3. | Ve čtvrtek měl premiéru český... | Kryštof Hádek, Vladimír Pokorný | 0.5 | |
| 4. | Jeden český státní podnik, kte... | České dráhy | 0 | |
| 5. | Jedna z nejlepších tenistek so... | Ashleigh Bartyová | 1 | |
| 6. | Budeme se zabývat pěti filmy,... | Elijah Wood, Pán prstenů: Dvě věže | 0.5 | |
| 7. | Snímek Pan Jones z roku 2019 v... | Agnieszka Holland | 1 | |
| 8. | Romantické drama Paní Bovaryov... | Gustave Flaubert | 1 | |
| 9. | Komedie Karla Kachyni z roku 1... | Kam pánové, kam jdete? | 0 | |
| 10. | V roce 2009 vznikl animovaný f... | Lišák | 0 |